000 00954nam a22003017a 4500
003 CHAP
005 20220817041546.0
008 971013s1964 r 00010 d
010 _a18000
011 _a18972
035 _a23057
040 _cCHAP
090 _aTesis
100 0 0 _aCedillo Vázquez, Vicente.
_920855
245 _aPrincipales factores del desarrollo agrícola en México (1925-1960)
260 _aMéxico, D.F. :
_bEl autor,
_c1964
300 _a120 p.
_b: ilus.
502 _aTesis (Lic. en Economía) -- UNAM. Esc. Nal. de Economía
590 _aALEPH
_b10
_c20130110
_lUCH01
_h1241
590 _aBATCH-UPD
_b10
_c20130110
_lUCH01
_h1929
590 _aBATCH-UPD
_b10
_c20130410
_lUCH01
_h1253
590 _aBATCH-UPD
_b10
_c20130914
_lUCH01
_h2115
590 _aCONVERSION
_b10
_c20130109
_lUCH01
_h1311
650 1 4 _aAgricultura
_xAspectos económicos.
901 _aBK
942 _cTESIS
949 _bBC
_cTES
_d-53823
_eTS1
_i23057
_si
999 _c18000
_d18000